| 000 | 00871ngm a22002057a 4500 | ||
|---|---|---|---|
| 005 | 20170221174831.0 | ||
| 008 | 160921b xxu||||| |||| 00| 0 spa d | ||
| 041 | _aspa | ||
| 082 | _a24 DVD | ||
| 100 |
_aObregón, Manuel _97762 |
||
| 245 | _aSimbiosis: piano y bosque lluvioso=Piano and rainforest. | ||
| 300 | _a47:14 minutos | ||
| 505 | _a24 A Y B 1.Preludio 2.Conservación con Jilgueros 3.La danza de los Toledos 4. Hadas y duendes 5. Blues del mono aullador 6. Un sueño en la lluvia 7. Réquiem para el sapo dorado 24 C 1. La piel del mar 2. Amanecer en Santa Rosa 3. Viento y semillas 4. Roca Bruja 5. Primera luvia 6. Las alas del bosque 7. Fin del verano | ||
| 650 |
_aCOSTA RICA _940470 |
||
| 650 |
_aMÚSICA _91999 |
||
| 650 |
_aSONIDOS NATURALES _97764 |
||
| 650 |
_aCONCIERTO DE RANAS _940468 |
||
| 650 |
_aCONCIERTO DE PIANO _940469 |
||
| 942 | _cDVD | ||
| 999 |
_c8867 _d8867 |
||